000 00313nam a2200145Ia 4500
100 _aGAukovsky/Yu.I
650 _aGeneral
942 _cBK
654 _aPakistan People
245 _aThe People Of Pakistan
260 _bNauka Publishing House
_c1971
082 _a954.9
300 _a247
546 _aENGLISH
999 _c21287
_d21287